Vainqueurs de la Coupe du Monde sur une carte - Statistiques

Statistiques générales
  • Ce quiz a été pris 167 fois
  • Le résultat moyen est 7 sur 8
Réponses sur la Carte
Les réponses sont colorées sur une échelle allant du rouge au vert en fonction du pourcentage des utilisateurs qui les ont devinées à leur premier essai. Vous pouvez retrouver ces pourcentages ci-dessous.
 
Statistiques - réponses
Réponse % Correct
Vainqueur en 1958, 1962, 1970, 1994, 2002
94%
Vainqueur en 1998, 2018
94%
Vainqueur en 1954, 1974, 1990, 2014
90%
Vainqueur en 1978, 1986, 2022
89%
Vainqueur en 2010
89%
Vainqueur en 1934, 1938, 1982, 2006
84%
Vainqueur en 1966
79%
Vainqueur en 1930,1950
76%
Aucun quiz correspondant
Distribution des résultats
% des personnes avec chaque résultat
Percentile par nombre de réponses
Votre historique - résultats
Vous n’avez pas pris ce quiz